[Event "I Torneo Iberoamericano"]
[Site "Ayamonte"]
[Date "2004.11.19"]
[Round "9.4"]
[White "Felgaer, Ruben"]
[Black "Hernandez, Gilberto"]
[Result "1-0"]
[WhiteElo "2569"]
[BlackElo "2502"]
[PlyCount "89"]
[EventDate "2004.11.11"]
[Source "Roberto Alvarez"]
[SourceDate "2004.11.22"]

1. e4 c5 2. Nc3 Nc6 3. Nge2 d6 4. d4 cxd4 5. Nxd4 Nf6 6. Be2 e5 7. Nf3 h6 8. O-O Be7 9. Re1 O-O 10. h3 Be6 11. Bf1 Qd7 12. b3 Bd8 13. Bb2 Ba5 14. a3 Ne7 15. b4 Bb6 16. Nb5 Rfd8 17. c4 Qc6 18. Qd3 Rac8 19. Nd2 Ng6 20. Rac1 a6 21. Nc3 Bd4 22. Nd1 Nf4 23. Qf3 Bxb2 24. Nxb2 Qd7 25. Qe3 Rc7 26. Red1 Qc6 27. Re1 Rcc8 28. Kh2 Qd7 29. Nb3 Rc7 30. Red1 Qe8 31. Na5 h5 32. Rd2 b6 33. Qxb6 Nxe4 34. Rdd1 Qe7 35. Nd3 Nxd3 36. Bxd3 Ng5 37. Nc6 Rxc6 38. Qxc6 e4 39. Be2 Bxh3 40. gxh3 Qe6 41. Rh1 Qe5+ 42. Kg2 Ne6 43. Rcd1 Nf4+ 44. Kf1 f5 45. Qb6 1-0

[Event "RUS-Cup"]
[Site "Krasnoiarsk"]
[Date "1998.??.??"]
[Round "5"]
[White "Galkin, Alexander"]
[Black "Khasin, Alexander"]
[Result "1/2-1/2"]
[WhiteElo "2565"]
[BlackElo "2495"]
[PlyCount "35"]
[EventDate "1998.??.??"]
[Source "www.chesslib.no"]
[SourceDate "2004.05.04"]

1. e4 c5 2. Nf3 Nc6 3. d4 cxd4 4. Nxd4 Nf6 5. Nc3 d6 6. Be2 Nxd4 7. Qxd4 g6 8. Bg5 Bg7 9. Qd2 O-O 10. O-O Be6 11. Rfe1 Rc8 12. Bf1 Qb6 13. Rab1 Rfd8 14. Nd5 Nxd5 15. exd5 Bf5 16. Bd3 Bxd3 17. Qxd3 Bf6 18. Bxf6 1/2-1/2

[Event "RUS-ch"]
[Site "Elista"]
[Date "1995.??.??"]
[Round "5"]
[White "Yemelin, Vasily"]
[Black "Makarichev, Sergey"]
[Result "1/2-1/2"]
[WhiteElo "2500"]
[BlackElo "2540"]
[PlyCount "78"]
[EventDate "1995.10.??"]
[Source "ChessBase"]

1. e4 c5 2. Nf3 d6 3. d4 cxd4 4. Nxd4 Nf6 5. Nc3 Nc6 6. Be2 Nxd4 7. Qxd4 g6 8. g4 h6 9. Bb5+ Bd7 10. Bxd7+ Qxd7 11. f3 Bg7 12. Be3 O-O 13. Qd2 Kh7 14. h4 Rfc8 15. O-O-O Rxc3 16. Qxc3 Nxg4 17. Bd4 Nf2 18. Bxg7 Nxd1 19. Rxd1 Rc8 20. Qd4 Qc7 21. c3 e5 22. Bxe5 dxe5 23. Qxa7 h5 24. Rd5 Qe7 25. Qf2 Rc6 26. Qg3 Re6 27. a4 Qc7 28. a5 Qc4 29. Qf2 Qa2 30. Kc2 Rc6 31. Qe2 Rf6 32. Rxe5 Rf4 33. Rd5 Rxh4 34. Qb5 Rh1 35. Rd1 Rh3 36. Rd3 Rh1 37. Rd1 Rh3 38. Rd3 Rh1 39. Rd1 Rh3 1/2-1/2

[Event "Ukrainian Games"]
[Site "Evpatoria (Ukraine)"]
[Date "2007.05.22"]
[Round "3"]
[White "Kononenko Dmitry (UKR)"]
[Black "Pilavov G (UKR)"]
[Result "1/2-1/2"]
[WhiteElo "2501"]
[BlackElo "2537"]
[PlyCount "77"]
[EventDate "2007.??.??"]
[Source "www.chesslib.no"]
[SourceDate "2004.05.04"]

1. e4 c5 2. Nf3 d6 3. d4 Nf6 4. Nc3 cxd4 5. Nxd4 Nc6 6. Be2 Nxd4 7. Qxd4 g6 8. Bg5 Bg7 9. Qd2 O-O 10. O-O Bd7 11. Rfe1 Bc6 12. Bf1 Qb6 13. Rab1 Rfe8 14. Nd5 Bxd5 15. exd5 Kf8 16. c4 Nd7 17. Re4 Bf6 18. b3 Bxg5 19. Qxg5 Nf6 20. Re3 a5 21. a4 Rac8 22. Rbe1 Rc7 23. Qh4 Kg7 24. Rh3 e5 25. dxe6 Rxe6 26. Qh6+ Kg8 27. Rxe6 fxe6 28. Rf3 Rf7 29. Qh3 d5 30. Qh4 Kg7 31. h3 d4 32. Qg5 Qc7 33. c5 h6 34. Qc1 e5 35. Qc4 e4 36. Rxf6 Kxf6 37. Qxd4+ Qe5 38. Qd8+ Kg7 39. Bc4 1/2-1/2

[Event "SUI-chT 2001"]
[Site "SUI"]
[Date "2001.??.??"]
[Round "2"]
[White "Sokolov, Andrei"]
[Black "Mantovani, Renzo"]
[Result "1/2-1/2"]
[WhiteElo "2560"]
[BlackElo "2408"]
[PlyCount "44"]
[EventDate "2001.09.??"]
[Source "www.chesslib.no"]
[SourceDate "2004.05.04"]

1. e4 c5 2. Nf3 d6 3. d4 cxd4 4. Nxd4 Nf6 5. Nc3 Nc6 6. Be2 Nxd4 7. Qxd4 g6 8. Bb5+ Bd7 9. Bxd7+ Qxd7 10. Nd5 Bg7 11. Bg5 O-O 12. Bxf6 exf6 13. Nxf6+ Bxf6 14. Qxf6 Qa4 15. O-O Qxc2 16. Qd4 Rfc8 17. b3 a5 18. Qxd6 Qxe4 19. Rae1 Qc6 20. Qf4 Re8 21. h3 h5 22. Rc1 Qe4 1/2-1/2

[Event "44th New York Masters"]
[Site "New York"]
[Date "2003.02.18"]
[Round "3"]
[White "Schmaltz, Roland"]
[Black "Figler, Ilya"]
[Result "1-0"]
[WhiteElo "2628"]
[BlackElo "2307"]
[PlyCount "71"]
[EventDate "2003.02.18"]
[Source "Roberto Alvarez"]
[SourceDate "2003.05.19"]

1. e4 c5 2. Nf3 Nc6 3. d4 cxd4 4. Nxd4 Nf6 5. Nc3 d6 6. Be2 Bd7 7. Nb3 a6 8. Be3 b5 9. a4 b4 10. Nd5 Nxd5 11. exd5 Na5 12. Qd4 Nxb3 13. cxb3 a5 14. O-O f6 15. Rac1 g6 16. Qb6 Qxb6 17. Bxb6 Bh6 18. Rc7 Rf8 19. f4 Rf7 20. g3 e5 21. fxe5 dxe5 22. Bc4 f5 23. d6 Rf6 24. Rd1 Rb8 25. Ba7 Rd8 26. Rd5 Be6 27. Rxe5 Rxd6 28. Rxh7 Bf8 29. Re1 Rf7 30. Rxf7 Kxf7 31. Bxe6+ Rxe6 32. Rxe6 Kxe6 33. Bb6 Kd5 34. Bxa5 Kc5 35. Bd8 Bg7 36. Be7+ 1-0

[Event "Liechtenstein op"]
[Site "Schaan"]
[Date "1998.??.??"]
[Round "8"]
[White "Glek, Igor V"]
[Black "Mantovani, Renzo"]
[Result "0-1"]
[WhiteElo "2565"]
[BlackElo "2365"]
[PlyCount "100"]
[EventDate "1998.05.15"]
[Source "ChessBase"]
[SourceDate "1998.07.07"]

1. e4 c5 2. Nf3 d6 3. d4 cxd4 4. Nxd4 Nf6 5. Nc3 Nc6 6. Be2 Nxd4 7. Qxd4 g6 8. e5 dxe5 9. Qxe5 Bg7 10. O-O O-O 11. Rd1 Qb6 12. Qb5 Qxb5 13. Nxb5 Bd7 14. c3 a6 15. Nd4 e5 16. Nb3 a5 17. a4 Bc6 18. c4 Rfc8 19. Bd2 b6 20. Be3 Nd7 21. g4 f6 22. Nd2 Bf8 23. Bf3 Bxf3 24. Nxf3 Nc5 25. Bxc5 Bxc5 26. Rd7 Re8 27. Re1 Rad8 28. Rxd8 Rxd8 29. g5 fxg5 30. Re2 Rd1+ 31. Kg2 Ra1 32. Nxe5 Rxa4 33. Rd2 Rb4 34. Kf3 Be7 35. Nc6 Rb3+ 36. Ke4 Bf6 37. Nd4 Rb4 38. Ke3 Kf7 39. Rc2 g4 40. Re2 Bxd4+ 41. Kxd4 b5 42. b3 Rxb3 43. c5 b4 44. Kd5 Rd3+ 45. Kc6 b3 46. Kb5 Rc3 47. Rb2 Ke6 48. c6 Kd5 49. Kxa5 Kxc6 50. Kb4 Rh3 0-1

[Event "Elista ol (Men)"]
[Site "Elista"]
[Date "1998.10.11"]
[Round "12"]
[White "Holmsten, Aleksei"]
[Black "Makarov, Marat"]
[Result "0-1"]
[WhiteElo "2400"]
[BlackElo "2530"]
[PlyCount "98"]
[EventDate "1998.09.29"]
[Source "ChessBase"]
[SourceDate "1998.11.06"]

1. e4 c5 2. Nf3 Nc6 3. d4 cxd4 4. Nxd4 Nf6 5. Nc3 d6 6. Be2 Nxd4 7. Qxd4 g6 8. Be3 Bg7 9. Qd2 O-O 10. O-O-O Be6 11. Bh6 Qa5 12. a3 Rfc8 13. Bxg7 Kxg7 14. f3 Rab8 15. Nd5 Qxd2+ 16. Rxd2 Nxd5 17. exd5 Bd7 18. Rd4 Rc7 19. Kd2 b5 20. Bd3 Rb6 21. Re1 Bc8 22. Rde4 Rbb7 23. Rd4 a5 24. Rb1 Bf5 25. Re1 Bxd3 26. Kxd3 b4 27. axb4 axb4 28. Rc4 Rxc4 29. Kxc4 Kf6 30. Re4 g5 31. Kb3 Rb5 32. Rxb4 Rxd5 33. Kc3 e5 34. Rb8 Rd1 35. b4 Ke6 36. Rh8 Rg1 37. Rxh7 Rxg2 38. b5 Rf2 39. b6 Rxf3+ 40. Kc4 Rf1 41. Kb5 Kd7 42. Rh3 Rb1+ 43. Ka6 Ra1+ 44. Kb7 e4 45. Rc3 f5 46. Rc7+ Ke6 47. Rc8 Kd5 48. Kc7 e3 49. b7 Rb1 0-1

[Event "Valle d'Aosta op 10th"]
[Site "Valle d'Aosta"]
[Date "2002.02.13"]
[Round "5"]
[White "Zelcic, Robert"]
[Black "Mantovani, Renzo"]
[Result "1/2-1/2"]
[WhiteElo "2544"]
[BlackElo "2375"]
[PlyCount "128"]
[EventDate "2002.02.09"]
[Source "ChessBase"]
[SourceDate "2002.03.14"]

1. e4 c5 2. Nf3 d6 3. d4 cxd4 4. Nxd4 Nf6 5. Nc3 Nc6 6. Be2 Nxd4 7. Qxd4 g6 8. Bg5 Bg7 9. O-O-O O-O 10. Qd2 Be6 11. Bf3 Qb6 12. Be3 Qa6 13. a3 Rfc8 14. Bd4 Rc7 15. Be2 Bc4 16. Bxf6 Bxf6 17. Nd5 Rac8 18. Nxc7 Rxc7 19. Rhe1 Qb5 20. c3 Bg5 21. f4 Bxe2 22. Qxe2 Bxf4+ 23. Kc2 Qa4+ 24. Kb1 Be5 25. Rd3 a5 26. Qd1 Qc6 27. Rd5 b5 28. Qb3 Rb7 29. g3 e6 30. Rd2 b4 31. cxb4 axb4 32. Rc2 bxa3 33. Qxa3 Qb6 34. Re3 Kg7 35. Kc1 Ra7 36. Qb3 Ra1+ 37. Kd2 Qa5+ 38. Ke2 Rh1 39. Kf3 Bd4 40. Kg2 Qa1 41. Rf3 Rg1+ 42. Kh3 Qa5 43. Rf4 Qh5+ 44. Rh4 Qd1 45. Qc4 Bf6 46. Qe2 Bxh4 47. Kxh4 Qd4 48. Kh3 Qe5 49. Rc7 d5 50. Rxf7+ Kxf7 51. Qf2+ Kg8 52. Qxg1 Qxe4 53. Qb6 d4 54. Qd8+ Kg7 55. b4 d3 56. b5 Qf5+ 57. Kg2 Qe4+ 58. Kh3 Qf5+ 59. Kg2 Qxb5 60. Qe7+ Kh6 61. Qf8+ Kh5 62. Qf3+ Kh6 63. Qf8+ Kh5 64. Qf3+ Kh6 1/2-1/2

[Event "Voronezh op 3rd"]
[Site "Voronezh"]
[Date "1999.06.16"]
[Round "5"]
[White "Kiselev, Gennady"]
[Black "Chernyshov, Konstantin"]
[Result "1/2-1/2"]
[WhiteElo "2425"]
[BlackElo "2488"]
[PlyCount "88"]
[EventDate "1999.06.??"]
[Source "www.chesslib.no"]
[SourceDate "2004.05.04"]

1. e4 c5 2. Nf3 Nc6 3. d4 cxd4 4. Nxd4 Nf6 5. Nc3 d6 6. Be2 Nxd4 7. Qxd4 g6 8. Bg5 Bg7 9. Qd2 Bd7 10. O-O Bc6 11. Rfe1 h6 12. Bh4 Qa5 13. Rad1 g5 14. Bg3 Nd7 15. Nb5 Qxd2 16. Rxd2 Bxb5 17. Bxb5 O-O-O 18. c3 Ne5 19. f3 a6 20. Be2 h5 21. Bf2 Bh6 22. Be3 Rdg8 23. Kf2 Rg6 24. Rf1 Rhg8 25. c4 g4 26. Bxh6 gxf3 27. gxf3 Rxh6 28. c5 dxc5 29. Rd5 Nd7 30. Rfd1 Rd8 31. f4 h4 32. e5 Rhh8 33. Bf3 Kc7 34. Rc1 a5 35. a3 b6 36. b4 axb4 37. axb4 Ra8 38. Rc2 Ra7 39. Rcd2 Rd8 40. bxc5 bxc5 41. Ke3 Ra3+ 42. Ke2 Ra4 43. Ke3 Ra3+ 44. Ke2 Ra4 1/2-1/2

[Event "Linares Anibal op 5th"]
[Site "Linares"]
[Date "1998.01.26"]
[Round "7"]
[White "Barua, Dibyendu"]
[Black "Lopushnoy, Denis"]
[Result "1-0"]
[WhiteElo "2520"]
[BlackElo "2390"]
[PlyCount "91"]
[EventDate "1998.01.20"]
[Source "ChessBase"]
[SourceDate "1998.03.09"]

1. e4 c5 2. Nf3 Nc6 3. d4 cxd4 4. Nxd4 Nf6 5. Nc3 d6 6. Be2 Nxd4 7. Qxd4 g6 8. Be3 Bg7 9. O-O O-O 10. Qb4 Qc7 11. a4 Be6 12. a5 d5 13. exd5 Nxd5 14. Nxd5 Bxd5 15. c3 Rfd8 16. Rfd1 e6 17. Bf1 Bf8 18. Qh4 Be7 19. Qa4 Bc5 20. Bxc5 Qxc5 21. Qh4 Qc7 22. c4 Bc6 23. b4 a6 24. Qf6 Rd7 25. h4 Qd8 26. Qxd8+ Rdxd8 27. Rxd8+ Rxd8 28. b5 axb5 29. cxb5 Bd5 30. Rc1 Ra8 31. a6 bxa6 32. bxa6 Ra7 33. Rc8+ Kg7 34. f4 Kf6 35. Kf2 h5 36. g3 Ke7 37. Ke3 Kd7 38. Rc1 Kd6 39. Kd4 Ra8 40. Rb1 Ra7 41. Rb6+ Kc7 42. Kc5 Ra8 43. Bb5 Rd8 44. Bc6 Bxc6 45. Rxc6+ Kb8 46. Rd6 1-0

[Event "Veszprem op"]
[Site "?"]
[Date "1996.??.??"]
[Round "5"]
[White "Eismont Oleg"]
[Black "Kiss Attila"]
[Result "0-1"]
[WhiteElo "2455"]
[BlackElo "2435"]
[PlyCount "86"]
[EventDate "1996.??.??"]
[Source "www.chesslib.no"]
[SourceDate "2004.05.04"]

1. e4 c5 2. Nc3 Nc6 3. Nf3 d6 4. d4 cxd4 5. Nxd4 Nf6 6. Be3 Ng4 7. Bc1 Nf6 8. Be2 e5 9. Nf3 h6 10. O-O Be7 11. Re1 O-O 12. h3 a6 13. Bf1 Re8 14. a4 Be6 15. Nd5 Bxd5 16. exd5 Nb4 17. c4 a5 18. c5 e4 19. Nd2 dxc5 20. Bb5 Rf8 21. Nxe4 Qxd5 22. Qf3 Rad8 23. Bf4 Nc2 24. Rad1 Qe6 25. Nxf6+ Qxf6 26. Re4 Nd4 27. Qg3 Bd6 28. Bc4 Bxf4 29. Rxf4 Nf3+ 30. Qxf3 Rxd1+ 31. Kh2 Qe5 32. g3 Qe1 33. Qg2 Rd4 34. Rxd4 cxd4 35. Qf3 Qe7 36. b3 Rd8 37. h4 Rd6 38. Qf5 g6 39. Qd3 Qe1 40. Qf3 Qe7 41. h5 Rf6 42. Qg2 gxh5 43. f4 Qe3 0-1

[Event "Voronezh op-A"]
[Site "?"]
[Date "2000.??.??"]
[Round "2"]
[White "Arzumanian Georgy"]
[Black "Chernyshov Konstantin"]
[Result "1-0"]
[WhiteElo "2326"]
[BlackElo "2544"]
[PlyCount "61"]
[EventDate "2000.??.??"]
[Source "www.chesslib.no"]
[SourceDate "2004.05.04"]

1. e4 c5 2. Nf3 Nc6 3. d4 cxd4 4. Nxd4 Nf6 5. Nc3 d6 6. Be2 Bd7 7. Nb3 g6 8. O-O Bg7 9. Bg5 O-O 10. Kh1 a5 11. a4 Be6 12. f4 Rc8 13. Bh4 Nb4 14. Nd4 Bc4 15. Ndb5 Bxb5 16. Bxb5 Qc7 17. Qe2 Qc5 18. g4 h5 19. gxh5 Qxh5 20. Qxh5 gxh5 21. Rg1 Kh7 22. e5 dxe5 23. fxe5 Ng4 24. Bxe7 Rg8 25. Raf1 Bxe5 26. Rf5 Bd4 27. Rxh5+ Nh6 28. Rf1 Rc7 29. Bxb4 axb4 30. Nd5 Rc5 31. Nf6+ 1-0

[Event "Vikings Challengers 2nd"]
[Site "York"]
[Date "2000.12.21"]
[Round "9"]
[White "Heidenfeld, Mark"]
[Black "Van der Weide, Karel"]
[Result "1/2-1/2"]
[WhiteElo "2375"]
[BlackElo "2467"]
[PlyCount "26"]
[EventDate "2000.12.13"]
[Source "ChessBase"]
[SourceDate "2001.01.11"]

1. e4 c5 2. Nf3 Nc6 3. d4 cxd4 4. Nxd4 Nf6 5. Nc3 d6 6. Be2 Nxd4 7. Qxd4 g6 8. Be3 Bg7 9. Qd2 O-O 10. f3 Be6 11. O-O-O Qa5 12. Kb1 Rfc8 13. Nd5 Qxd2 1/2-1/2

[Event "Belgrade TS04 GM"]
[Site "Belgrade"]
[Date "2002.04.27"]
[Round "8"]
[White "Cabrilo, Goran"]
[Black "Popovic, Dragan B"]
[Result "1-0"]
[WhiteElo "2501"]
[BlackElo "2329"]
[PlyCount "125"]
[EventDate "2002.04.20"]
[Source "ChessBase"]
[SourceDate "2002.07.08"]

1. e4 c5 2. Nc3 d6 3. Nge2 Nc6 4. d4 cxd4 5. Nxd4 Nf6 6. Be2 e5 7. Nf3 h6 8. O-O Be7 9. Re1 O-O 10. h3 Be6 11. Bf1 Rc8 12. Nd5 Bxd5 13. exd5 Nb8 14. c4 a5 15. a3 Na6 16. Rb1 Nd7 17. b4 axb4 18. axb4 f5 19. Ba3 Bf6 20. Rc1 Ra8 21. Rb1 b6 22. Rb3 Kh8 23. Bb2 Qe7 24. Nd4 g6 25. Ne6 Rfc8 26. Qd2 Kh7 27. Ra3 Nc7 28. Rxa8 Nxa8 29. Ra1 Nc7 30. Ra7 Nf8 31. c5 bxc5 32. bxc5 Nfxe6 33. dxe6 dxc5 34. Qd7 Nd5 35. Bc4 Rc7 36. Rxc7 Nxc7 37. Bxe5 Qxd7 38. exd7 Bd8 39. Kf1 h5 40. Ke2 h4 41. Kd3 Na8 42. Bf7 Nb6 43. Be6 Kh6 44. Ke3 Na4 45. Kf3 Nb6 46. g3 hxg3 47. fxg3 Na4 48. Ba1 Nb6 49. Kf4 Bc7+ 50. Be5 Bd8 51. h4 Na8 52. g4 fxg4 53. Kxg4 Nb6 54. Bf4+ Kg7 55. Bg5 Nxd7 56. Bxd8 Ne5+ 57. Kf4 Nd3+ 58. Ke3 Ne1 59. Bb3 Kh6 60. Bg5+ Kg7 61. Ke2 c4 62. Kxe1 cxb3 63. Kd2 1-0

[Event "Wch U18"]
[Site "Oropesa del Mar"]
[Date "2000.10.19"]
[Round "8"]
[White "Volokitin, Andrei"]
[Black "Fernandez Romero, Ernesto"]
[Result "1-0"]
[WhiteElo "2447"]
[BlackElo "2383"]
[PlyCount "79"]
[EventDate "2000.10.11"]
[Source "www.chesslib.no"]
[SourceDate "2004.05.04"]

1. e4 c5 2. Nf3 Nc6 3. d4 cxd4 4. Nxd4 Nf6 5. Nc3 d6 6. Be2 Nxd4 7. Qxd4 g6 8. e5 dxe5 9. Bb5+ Bd7 10. Qxe5 Bg7 11. Bg5 Bxb5 12. Qxb5+ Qd7 13. Qxd7+ Kxd7 14. O-O-O+ Kc6 15. Rhe1 Rhe8 16. Re3 Ng8 17. Nd5 e6 18. Nb4+ Kc7 19. Red3 Rac8 20. Rd7+ Kb8 21. Rxf7 Rc7 22. Rdd7 Rxd7 23. Rxd7 Bf6 24. Bxf6 Nxf6 25. Rf7 Ne4 26. f3 Ng5 27. Rg7 e5 28. Nd5 e4 29. fxe4 Nxe4 30. Rxh7 Rf8 31. b3 a5 32. Re7 Rf1+ 33. Kb2 Nc5 34. Rg7 b5 35. Rxg6 b4 36. Rb6+ Ka7 37. Rb5 Nb7 38. a3 bxa3+ 39. Kxa3 Rf2 40. Ne3 1-0

[Event "Capablanca mem Premier I 36th"]
[Site "Havana"]
[Date "2001.05.10"]
[Round "5"]
[White "Vazquez, Renier"]
[Black "Pazos Gambarrotti, Plinio"]
[Result "1-0"]
[WhiteElo "2393"]
[BlackElo "2421"]
[PlyCount "77"]
[EventDate "2001.05.05"]
[Source "ChessBase"]
[SourceDate "2001.07.03"]

1. e4 c5 2. Nf3 Nc6 3. d4 cxd4 4. Nxd4 Nf6 5. Nc3 d6 6. Be2 Qb6 7. Nb3 e6 8. O-O a6 9. Be3 Qc7 10. a4 b6 11. f4 Be7 12. Bf3 Rb8 13. Qe2 O-O 14. g4 Bb7 15. g5 Nd7 16. Bg2 Nb4 17. Rad1 Rfe8 18. Kh1 Rbd8 19. Bg1 e5 20. Be3 exf4 21. Bxf4 Ne5 22. Qf2 Bf8 23. Rd4 a5 24. Rdd1 Ba6 25. Rfe1 Ng6 26. Be3 Rb8 27. Nd4 Re5 28. Ncb5 Qc8 29. c3 Nc6 30. Nf5 d5 31. Nfd6 Qd7 32. exd5 Na7 33. Nc4 Nxb5 34. Nxe5 Nxe5 35. axb5 Ng4 36. Qg3 Bd6 37. Bf4 Bc5 38. Bxb8 Bxb5 39. Rd4 1-0

[Event "RUS-Cup3"]
[Site "Omsk"]
[Date "1996.??.??"]
[Round "7"]
[White "Ibragimov, A."]
[Black "Makarov, Marat"]
[Result "0-1"]
[WhiteElo "2250"]
[BlackElo "2560"]
[PlyCount "98"]
[EventDate "1996.12.13"]
[Source "ChessBase"]
[SourceDate "1997.04.10"]

1. e4 c5 2. Nf3 Nc6 3. d4 cxd4 4. Nxd4 Nf6 5. Nc3 d6 6. Be2 Nxd4 7. Qxd4 g6 8. Bg5 Bg7 9. O-O O-O 10. Rad1 Be6 11. Qb4 Qc7 12. Bd3 Rfc8 13. Nb5 Qb8 14. Nd4 Bd7 15. c4 h6 16. Bh4 a5 17. Qd2 Qa7 18. Nf3 Bg4 19. Kh1 Qc5 20. Bg3 Nd7 21. Be2 Qb4 22. e5 dxe5 23. Nxe5 Qxd2 24. Rxd2 Bxe2 25. Rxe2 Bxe5 26. Bxe5 Rxc4 27. b3 Rc6 28. Bf4 e6 29. Bxh6 Nf6 30. h3 Rac8 31. Be3 Nd5 32. Bd4 f6 33. Kh2 Kf7 34. a3 e5 35. Ba1 Rc2 36. Rxc2 Rxc2 37. Rd1 Ke6 38. Kg3 b5 39. Re1 Ra2 40. a4 bxa4 41. bxa4 Ra3+ 42. Kh2 Rxa4 43. g4 g5 44. Bb2 Ra2 45. Rb1 a4 46. Kg3 a3 47. Bc1 Rc2 48. Ra1 a2 49. Kf3 Nb4 0-1

[Event "RUS-chT"]
[Site "Orel"]
[Date "1997.??.??"]
[Round "?"]
[White "Beshukov, Sergei"]
[Black "Petrov, Anton"]
[Result "0-1"]
[WhiteElo "2435"]
[BlackElo "2375"]
[PlyCount "78"]
[EventDate "1997.??.??"]
[Source "www.chesslib.no"]
[SourceDate "2004.05.04"]

1. e4 c5 2. Nf3 Nc6 3. d4 cxd4 4. Nxd4 Nf6 5. Nc3 d6 6. Be2 Nxd4 7. Qxd4 g6 8. Bg5 Bg7 9. Rd1 O-O 10. Qd2 Be6 11. O-O a6 12. a4 Qb6 13. Rb1 Qb4 14. f3 Rfe8 15. Rfd1 Rac8 16. Be3 Bc4 17. Bxc4 Rxc4 18. Qf2 Rec8 19. Kh1 R8c6 20. e5 dxe5 21. Rd8+ Bf8 22. Bh6 Rc8 23. Rbd1 Ne8 24. Qd2 Bxh6 25. Qxh6 Rxc3 26. Rxe8+ Rxe8 27. bxc3 Qxc3 28. h4 Qxc2 29. Rd7 Qxa4 30. Rxb7 Qd1+ 31. Kh2 Qd6 32. Kh3 Qe6+ 33. Kh2 e4 34. Qe3 Qd6+ 35. f4 Qd3 36. Qc5 Qd2 37. Kg3 Rd8 38. Qe5 Qe1+ 39. Kg4 h5+ 0-1

[Event "41th ch-IND"]
[Site "Calcuta "]
[Date "2003.12.19"]
[Round "22"]
[White "Sareen, Vishal"]
[Black "Bakre, Tejas"]
[Result "1/2-1/2"]
[WhiteElo "2367"]
[BlackElo "2443"]
[PlyCount "42"]
[EventDate "2003.12.04"]
[Source "Roberto Alvarez"]
[SourceDate "2003.12.22"]

1. e4 c5 2. Ne2 Nc6 3. d4 cxd4 4. Nxd4 Nf6 5. Nc3 d6 6. Be2 e5 7. Nf3 h6 8. O-O Be7 9. Re1 O-O 10. h3 Be6 11. Bf1 Nb8 12. b3 Nbd7 13. Bb2 a6 14. a4 Qc7 15. Nd2 Qc6 16. Nc4 Nb6 17. Nxb6 Qxb6 18. Nd5 Bxd5 19. exd5 Qc5 20. Ba3 Qc7 21. a5 Nd7 1/2-1/2

[Event "Wch U20"]
[Site "Adelaide AUS"]
[Date "1988.??.??"]
[Round "12"]
[White "Adams, Michael"]
[Black "Rachels, Stuart C"]
[Result "1-0"]
[WhiteElo "2460"]
[BlackElo "2350"]
[PlyCount "73"]
[EventDate "1988.09.??"]
[Source "www.chesslib.no"]
[SourceDate "2004.05.04"]

1. e4 c5 2. Nf3 Nc6 3. d4 cxd4 4. Nxd4 Nf6 5. Nc3 d6 6. Be2 Ng4 7. Bg5 Qb6 8. Bb5 Bd7 9. O-O h6 10. Be3 Nxe3 11. fxe3 e6 12. Bxc6 bxc6 13. Qf3 f6 14. Qh5+ Ke7 15. Rad1 Be8 16. Qh3 Bf7 17. b4 Rd8 18. Qg3 Ke8 19. Qh3 e5 20. Ne6 Bxe6 21. Qxe6+ Be7 22. Rd3 Qb7 23. a4 Qd7 24. Qb3 Rf8 25. b5 cxb5 26. axb5 f5 27. exf5 Rxf5 28. Rdd1 Rxf1+ 29. Rxf1 d5 30. e4 Bc5+ 31. Kh1 Qd6 32. Nxd5 Rd7 33. Nc3 Kd8 34. Qg8+ Kc7 35. Qa8 Kb6 36. Ra1 Ba3 37. Qc8 1-0

[Event "Pontevedra"]
[Site "?"]
[Date "1986.??.??"]
[Round "10"]
[White "Reyes Juan"]
[Black "Corral Blanco Juan Antonio"]
[Result "1-0"]
[WhiteElo "2425"]
[BlackElo "2380"]
[PlyCount "58"]
[EventDate "1986.??.??"]
[Source "www.chesslib.no"]
[SourceDate "2004.05.04"]

1. e4 c5 2. Nc3 Nc6 3. Nge2 Nf6 4. d4 cxd4 5. Nxd4 d6 6. Be2 e5 7. Nf3 h6 8. O-O Be7 9. b3 O-O 10. Bb2 a6 11. Re1 b5 12. a3 Re8 13. h3 Qb6 14. Bf1 Bb7 15. a4 b4 16. Nd5 Nxd5 17. exd5 Nb8 18. a5 Qc5 19. Bc4 Nd7 20. Bc1 Qc7 21. Bd2 Bf6 22. Bxb4 e4 23. Nd4 Ne5 24. Bf1 Qb8 25. Nf5 Bxd5 26. Qxd5 Qxb4 27. Qxd6 Qc3 28. Ne3 Red8 29. Qa3 Be7 1-0

[Event "FIN-chT Champs 0203"]
[Site "Finland"]
[Date "2003.03.16"]
[Round "9"]
[White "Holmsten, Aleksei"]
[Black "Maki, Veijo"]
[Result "1/2-1/2"]
[WhiteElo "2410"]
[BlackElo "2384"]
[PlyCount "54"]
[EventDate "2002.09.21"]
[Source "Roberto Alvarez"]
[SourceDate "2003.03.10"]

1. e4 c5 2. Nf3 Nc6 3. d4 cxd4 4. Nxd4 Nf6 5. Nc3 d6 6. Be2 Nxd4 7. Qxd4 g6 8. Be3 Bg7 9. O-O-O O-O 10. Qd2 Be6 11. Bh6 Bxh6 12. Qxh6 Qa5 13. a3 Rfc8 14. Qe3 Rab8 15. Rd4 Qc5 16. Rhd1 b5 17. e5 Qxe5 18. Qxe5 dxe5 19. Rb4 a6 20. a4 Bc4 21. Bxc4 bxc4 22. Rxb8 Rxb8 23. Nd5 Nxd5 24. Rxd5 f6 25. Rc5 Rb4 26. Ra5 Rb6 27. Rc5 Rb4 1/2-1/2

[Event "TCh-AUT 2003-4"]
[Site "Jenbach"]
[Date "2004.??.??"]
[Round "9.1"]
[White "Vogt, Lothar"]
[Black "Wittmann, Walter"]
[Result "1-0"]
[WhiteElo "2466"]
[BlackElo "2326"]
[PlyCount "107"]
[EventDate "2004.01.01"]
[Source "Roberto Alvarez"]
[SourceDate "2004.03.22"]

1. e4 c5 2. Nf3 d6 3. d4 cxd4 4. Nxd4 Nf6 5. Nc3 Nc6 6. Be2 Nxd4 7. Qxd4 g6 8. g4 h6 9. f3 Bg7 10. Be3 Qa5 11. O-O-O Be6 12. Bb5+ Kf8 13. Qa4 Qc7 14. Qb4 a6 15. Be2 Rc8 16. Qb6 Qb8 17. Nd5 Bxd5 18. exd5 Nd7 19. Qb4 Qc7 20. Rd2 a5 21. Qb5 Bf6 22. h4 Nc5 23. Kb1 Kg7 24. Bd1 g5 25. Rdh2 e6 26. dxe6 fxe6 27. c3 gxh4 28. f4 Ne4 29. Qd3 d5 30. Bf3 Qc4 31. Bxe4 Qxe4 32. Qxe4 dxe4 33. g5 hxg5 34. fxg5 Be5 35. Rxh4 Rxh4 36. Rxh4 Kg6 37. Rxe4 Kf5 38. Ra4 Ra8 39. Rc4 Bd6 40. a4 Ra6 41. Kc2 Ra8 42. Rh4 Be7 43. Rf4+ Kg6 44. Rc4 Kf5 45. Rc7 Bxg5 46. Rc5+ e5 47. Bxg5 Kxg5 48. Rxe5+ Kf6 49. Rb5 Ra7 50. Kb3 Ke6 51. Kc4 Kd6 52. Rb6+ Kc7 53. Kb5 Ra8 54. Rh6 1-0

[Event "S-A"]
[Site "?"]
[Date "1996.??.??"]
[Round "?"]
[White "Kovalev Andrei"]
[Black "Gross Stefan"]
[Result "1-0"]
[WhiteElo "2495"]
[BlackElo "2290"]
[PlyCount "107"]
[EventDate "1996.??.??"]
[Source "www.chesslib.no"]
[SourceDate "2004.05.04"]

1. e4 c5 2. Nf3 d6 3. d4 cxd4 4. Nxd4 Nf6 5. Nc3 Nc6 6. Be2 Qb6 7. Nb3 e6 8. Bf4 Ne5 9. Be3 Qc7 10. f4 Nc6 11. O-O a6 12. a4 b6 13. g4 Rb8 14. Nd4 Nd7 15. Rf2 g6 16. Nxc6 Qxc6 17. Bd4 Rg8 18. Qf1 Ra8 19. Rd1 Bb7 20. Bf3 Qc7 21. Qh3 h6 22. Bg2 e5 23. fxe5 Nxe5 24. Nd5 Bxd5 25. exd5 Bg7 26. Qe3 Rb8 27. h3 Kd8 28. Bf1 Re8 29. Qf4 Ra8 30. c3 Re7 31. b4 Ke8 32. c4 Kf8 33. Rc1 Nd7 34. c5 Bxd4 35. cxd6 Bxf2+ 36. Kxf2 Qd8 37. dxe7+ Qxe7 38. Qxh6+ Kg8 39. Qf4 Re8 40. Bxa6 Nf6 41. d6 Ne4+ 42. Kg2 Nxd6 43. Rc6 Rd8 44. Bd3 Ne8 45. Qe4 Qg5 46. Rc2 Nf6 47. Qf3 Nd5 48. Rf2 Rd7 49. a5 Nxb4 50. Bc4 bxa5 51. Bxf7+ Kh7 52. h4 Qe7 53. h5 gxh5 54. Qf5+ 1-0

[Event "Camp. austriaco"]
[Site "Tweng AUT"]
[Date "2007.08.06"]
[Round "3"]
[White "Kuba, G."]
[Black "Hoelzl, F."]
[Result "1/2-1/2"]
[WhiteElo "2413"]
[BlackElo "2353"]
[PlyCount "39"]
[EventDate "2007.08.04"]
[Source "www.chesslib.no"]
[SourceDate "2004.05.04"]

1. e4 c5 2. Nf3 d6 3. d4 cxd4 4. Nxd4 Nf6 5. Nc3 Nc6 6. Be2 Nxd4 7. Qxd4 g6 8. Be3 Bg7 9. Qd2 O-O 10. O-O Be6 11. f4 Qc7 12. Bf3 Rac8 13. Qf2 Bc4 14. Rfd1 Nd7 15. a4 Rfd8 16. Ra3 Qa5 17. Rb1 Qb4 18. Bd2 Qc5 19. Be3 Qb4 20. Bd2 1/2-1/2